Statistiques concernant Ils sont nés un 15 juillet

Cliquez ici pour prendre le quiz!

Statistiques générales

  • Ce quiz a été pris 34 fois
  • Le résultat moyen est 3 sur 7

Statistiques - réponses

Réponse% Correct
Anne Sinclair
90%
Patrick Timsit
68%
Rembrandt
61%
Diane Kruger
39%
Vincent Lindon
39%
Jean-Christophe Grangé
29%
Forest Whitaker
19%

Distribution des résultats

Percentile par nombre de réponses

% des personnes avec chaque résultat

Votre développement - résultats

Vous n’avez pas pris ce quiz